Statistics for All 1M+ Cities by Letter - R

Click here to take the quiz!

General Stats

  • This quiz has been taken 223 times
  • The average score is 11 of 15

Answer Stats

Country (State)Population (Millions)City Name% Correct
Brazil13.1Rio de Janeiro
99%
Saudi Arabia7.8Riyadh
99%
Netherlands3.2Rotterdam
99%
Italy3.6Rome
98%
Morocco2.025Rabat
97%
USA (North Carolina)1.63Raleigh
89%
USA (Virginia)1.06Richmond
88%
Germany5.7The Ruhr
81%
Brazil3.8Recife
80%
Argentina1.36Rosario
73%
Russia1.3Rostov-on-Don
70%
Pakistan3.4Rawalpindi
58%
India (Gujarat)1.83Rajkot
27%
India (Jharkhand)1.4Ranchi
19%
China (Shandong)1.2Rizhao
15%

Score Distribution

Percentile by Number Answered

Percent of People with Each Score

Your Score History

You have not taken this quiz